LEADER 14336nam 2202185 450 001 9910792882803321 005 20230730072719.0 010 $a1-63853-505-1 010 $a1-62623-752-2 024 7 $a10.1055/b-004-140251 035 $a(CKB)3710000001100950 035 $a(Au-PeEL)EBL4822569 035 $a(CaPaEBR)ebr11456300 035 $a(OCoLC)1005620443 035 $a10.1055-b-004-140251 035 $a(DE-2912)1495652848148 035 $a(MiAaPQ)EBC4822569 035 $a(EXLCZ)993710000001100950 100 $a20171024h20162016 uy 0 101 0 $aeng 135 $aurcn#nnn||||| 181 $ctxt$2rdacontent 182 $cc$2rdamedia 183 $acr$2rdacarrier 200 10$aComprehensive Cleft Care, Volume 2 $eSurgical /$fby: Losee, Joseph E., Kirschner, Richard E. 205 $aSecond edition. 210 1$aNew York, New York :$cThieme,$d2016. 210 4$d©2016 215 $a1 online resource (xxxiii, 731-1473, 4, 33 pages) $ccolor illustrations 225 0 $aComprehensive Cleft Care. 300 $aPrevious edition: 2009. 311 $a1-62623-666-6 320 $aIncludes bibliographical references at the end of each chapters and index. 330 $aThis book (second edition) attempts to cover all the scientific and clinical disciplines related to cleft care, which is indeed a wide remit. It ably achieves its aims.... It is an enjoyable and very comprehensive read, being well written, presented, illustrated and organized. -- PMFA News Comprehensive Cleft Care is a complete clinical reference that addresses every aspect of the life-long care required by patients with orofacial clefting. Supported by a handsome full-color presentation, Comprehensive Cleft Care features heavily-illustrated chapters that provide unmatched coverage of everything from prenatal diagnosis to final orthognathic surgery. The inclusion of topics such as basic science research, mission work, and outcome measures make this an all-in-one clinical companion with coverage that cannot be found anywhere else. With its distinct holistic approach and perspectives from skilled specialists in a variety of disciplines, Comprehensive Cleft Care presents an unmatched overview of cleft repair and management. Volume Two of the book covers all the surgical and operative issues connected with the care of cleft patients, discussing both primary and secondary surgery, dental, orthodontic and prosthetic management, and management of skeletal deformities. 410 0$aComprehensive Cleft Care. 606 $aCleft lip 606 $aCleft palate 615 0$aCleft lip. 615 0$aCleft palate. 676 $a617.522 700 $aAdetayo$b Oluwaseun A$4aut$4http://id.loc.gov/vocabulary/relators/aut$01539264 702 $aLosee$b Joseph E$4edt$4http://id.loc.gov/vocabulary/relators/edt 702 $aKirschner$b Richard E$4edt$4http://id.loc.gov/vocabulary/relators/edt 702 $aAntonarakis$b Gregory S$4aut$4http://id.loc.gov/vocabulary/relators/aut 702 $aBaker$b Stephen B$4aut$4http://id.loc.gov/vocabulary/relators/aut 702 $aBaylis$b Adriane L$4aut$4http://id.loc.gov/vocabulary/relators/aut 702 $aBeale$b Evan W$4aut$4http://id.loc.gov/vocabulary/relators/aut 702 $aBluestone$b Charles D$4aut$4http://id.loc.gov/vocabulary/relators/aut 702 $aBrecht$b Lawrence E$4aut$4http://id.loc.gov/vocabulary/relators/aut 702 $aBreen$b Mary$4aut$4http://id.loc.gov/vocabulary/relators/aut 702 $aBroder$b Hillary L$4aut$4http://id.loc.gov/vocabulary/relators/aut 702 $aBuchanan$b Edward P$4aut$4http://id.loc.gov/vocabulary/relators/aut 702 $aBurget$b Gary C$4aut$4http://id.loc.gov/vocabulary/relators/aut 702 $aByrd$b H. Steve$4aut$4http://id.loc.gov/vocabulary/relators/aut 702 $aCampbell$b Alex$4aut$4http://id.loc.gov/vocabulary/relators/aut 702 $aChen$b Philip Kuo-Ting$4aut$4http://id.loc.gov/vocabulary/relators/aut 702 $aChen$b Yu-Ray$4aut$4http://id.loc.gov/vocabulary/relators/aut 702 $aChibbaro$b Patricia Daly$4aut$4http://id.loc.gov/vocabulary/relators/aut 702 $aChong$b David K$4aut$4http://id.loc.gov/vocabulary/relators/aut 702 $aCladis$b Franklyn P$4aut$4http://id.loc.gov/vocabulary/relators/aut 702 $aCohen$b Marilyn A$4aut$4http://id.loc.gov/vocabulary/relators/aut 702 $aConrad$b Amy L$4aut$4http://id.loc.gov/vocabulary/relators/aut 702 $aCostello$b Bernard J$4aut$4http://id.loc.gov/vocabulary/relators/aut 702 $aCunningham$b Michael L$4aut$4http://id.loc.gov/vocabulary/relators/aut 702 $aCutler-Landsman$b Donna$4aut$4http://id.loc.gov/vocabulary/relators/aut 702 $aCutting$b Court B$4aut$4http://id.loc.gov/vocabulary/relators/aut 702 $aDailey$b Scott A$4aut$4http://id.loc.gov/vocabulary/relators/aut 702 $aDamian$b Daniela$4aut$4http://id.loc.gov/vocabulary/relators/aut 702 $aD?Antonio$b Linda L$4aut$4http://id.loc.gov/vocabulary/relators/aut 702 $aDaskalogiannakis$b John$4aut$4http://id.loc.gov/vocabulary/relators/aut 702 $aDeacon$b Scott A$4aut$4http://id.loc.gov/vocabulary/relators/aut 702 $aDiCairano$b Lauren$4aut$4http://id.loc.gov/vocabulary/relators/aut 702 $aEvans$b Kelly N$4aut$4http://id.loc.gov/vocabulary/relators/aut 702 $aFigueroa$b Alexander L$4aut$4http://id.loc.gov/vocabulary/relators/aut 702 $aFigueroa$b Alvaro A$4aut$4http://id.loc.gov/vocabulary/relators/aut 702 $aFisher$b David M$4aut$4http://id.loc.gov/vocabulary/relators/aut 702 $aFlores$b Roberto L$4aut$4http://id.loc.gov/vocabulary/relators/aut 702 $aFord$b Matthew D$4aut$4http://id.loc.gov/vocabulary/relators/aut 702 $aForrest$b Christopher R$4aut$4http://id.loc.gov/vocabulary/relators/aut 702 $aGaither$b Rebecca$4aut$4http://id.loc.gov/vocabulary/relators/aut 702 $aGage$b Earl A$4aut$4http://id.loc.gov/vocabulary/relators/aut 702 $aGarfinkle$b Judah S$4aut$4http://id.loc.gov/vocabulary/relators/aut 702 $aGoldstein$b Jesse A$4aut$4http://id.loc.gov/vocabulary/relators/aut 702 $aGosain$b Arun K$4aut$4http://id.loc.gov/vocabulary/relators/aut 702 $aGrames$b Lynn Marty$4aut$4http://id.loc.gov/vocabulary/relators/aut 702 $aGrayson$b Barry H$4aut$4http://id.loc.gov/vocabulary/relators/aut 702 $aGreene$b Robert M$4aut$4http://id.loc.gov/vocabulary/relators/aut 702 $aGustave$b Jodi E$4aut$4http://id.loc.gov/vocabulary/relators/aut 702 $aHavlik$b Robert J$4aut$4http://id.loc.gov/vocabulary/relators/aut 702 $aHeike$b Carrie L$4aut$4http://id.loc.gov/vocabulary/relators/aut 702 $aHelms$b Jill A$4aut$4http://id.loc.gov/vocabulary/relators/aut 702 $aHenry$b Cathy R$4aut$4http://id.loc.gov/vocabulary/relators/aut 702 $aHill$b Lyndon M$4aut$4http://id.loc.gov/vocabulary/relators/aut 702 $aHinton$b Virginia A$4aut$4http://id.loc.gov/vocabulary/relators/aut 702 $aHogg$b Nicholas J.V$4aut$4http://id.loc.gov/vocabulary/relators/aut 702 $aHollier J.r$b Larry H$4aut$4http://id.loc.gov/vocabulary/relators/aut 702 $aHopper$b Richard A$4aut$4http://id.loc.gov/vocabulary/relators/aut 702 $aHorswell$b Bruce B$4aut$4http://id.loc.gov/vocabulary/relators/aut 702 $aHuang$b Martin H.S$4aut$4http://id.loc.gov/vocabulary/relators/aut 702 $aHuebener$b Donald V$4aut$4http://id.loc.gov/vocabulary/relators/aut 702 $aJackson$b Oksana A$4aut$4http://id.loc.gov/vocabulary/relators/aut 702 $aJones$b David L$4aut$4http://id.loc.gov/vocabulary/relators/aut 702 $aJones$b Kenneth L$4aut$4http://id.loc.gov/vocabulary/relators/aut 702 $aJones$b Marilyn C$4aut$4http://id.loc.gov/vocabulary/relators/aut 702 $aKao$b Michael C$4aut$4http://id.loc.gov/vocabulary/relators/aut 702 $aKapp-Simon$b Kathleen A$4aut$4http://id.loc.gov/vocabulary/relators/aut 702 $aKauffman$b David E$4aut$4http://id.loc.gov/vocabulary/relators/aut 702 $aKawamoto Jr$b Henry K$4aut$4http://id.loc.gov/vocabulary/relators/aut 702 $aKaye$b Alison$4aut$4http://id.loc.gov/vocabulary/relators/aut 702 $aKlaiman$b Paula G$4aut$4http://id.loc.gov/vocabulary/relators/aut 702 $aKuehn$b David P$4aut$4http://id.loc.gov/vocabulary/relators/aut 702 $aKummer$b Ann W$4aut$4http://id.loc.gov/vocabulary/relators/aut 702 $aLanier$b Steven T$4aut$4http://id.loc.gov/vocabulary/relators/aut 702 $aLee$b Justine C$4aut$4http://id.loc.gov/vocabulary/relators/aut 702 $aLee$b Seng-Teik$4aut$4http://id.loc.gov/vocabulary/relators/aut 702 $aLee$b Shu-Jin$4aut$4http://id.loc.gov/vocabulary/relators/aut 702 $aLeslie$b Elizabeth J$4aut$4http://id.loc.gov/vocabulary/relators/aut 702 $aLi$b Jingtao$4aut$4http://id.loc.gov/vocabulary/relators/aut 702 $aLiou$b Eric J.W$4aut$4http://id.loc.gov/vocabulary/relators/aut 702 $aLohmander$b Anette$4aut$4http://id.loc.gov/vocabulary/relators/aut 702 $aLong Jr$b Ross E$4aut$4http://id.loc.gov/vocabulary/relators/aut 702 $aLupo$b Philip J$4aut$4http://id.loc.gov/vocabulary/relators/aut 702 $aMackay$b Donald R$4aut$4http://id.loc.gov/vocabulary/relators/aut 702 $aMarazita$b Mary L$4aut$4http://id.loc.gov/vocabulary/relators/aut 702 $aMarchac$b Alexandre$4aut$4http://id.loc.gov/vocabulary/relators/aut 702 $aMarsh$b Jeffrey L$4aut$4http://id.loc.gov/vocabulary/relators/aut 702 $aMazaheri$b Mohammad$4aut$4http://id.loc.gov/vocabulary/relators/aut 702 $aMcDonald-McGinn$b Donna M$4aut$4http://id.loc.gov/vocabulary/relators/aut 702 $aMenard$b Robert M$4aut$4http://id.loc.gov/vocabulary/relators/aut 702 $aMennuti$b Michael T$4aut$4http://id.loc.gov/vocabulary/relators/aut 702 $aMercado$b Ana M$4aut$4http://id.loc.gov/vocabulary/relators/aut 702 $aMichelotti$b Brett F$4aut$4http://id.loc.gov/vocabulary/relators/aut 702 $aMichienzi$b Joseph$4aut$4http://id.loc.gov/vocabulary/relators/aut 702 $aMitchell$b Laura E$4aut$4http://id.loc.gov/vocabulary/relators/aut 702 $aMonson$b Laura A$4aut$4http://id.loc.gov/vocabulary/relators/aut 702 $aMooney$b Mark P$4aut$4http://id.loc.gov/vocabulary/relators/aut 702 $aAl-Mufarrej$b Faisal$4aut$4http://id.loc.gov/vocabulary/relators/aut 702 $aMulliken$b John B$4aut$4http://id.loc.gov/vocabulary/relators/aut 702 $aNaran$b Sanjay$4aut$4http://id.loc.gov/vocabulary/relators/aut 702 $aNoordhoff$b M. Samuel$4aut$4http://id.loc.gov/vocabulary/relators/aut 702 $aNopoulos$b Peg C$4aut$4http://id.loc.gov/vocabulary/relators/aut 702 $aOtteson$b Todd D$4aut$4http://id.loc.gov/vocabulary/relators/aut 702 $aPereira$b Valerie$4aut$4http://id.loc.gov/vocabulary/relators/aut 702 $aPerry$b Jamie L$4aut$4http://id.loc.gov/vocabulary/relators/aut 702 $aPisano$b M. Michele$4aut$4http://id.loc.gov/vocabulary/relators/aut 702 $aPolley$b John W$4aut$4http://id.loc.gov/vocabulary/relators/aut 702 $aProbst$b Gretchen$4aut$4http://id.loc.gov/vocabulary/relators/aut 702 $aRamsey$b Barry L$4aut$4http://id.loc.gov/vocabulary/relators/aut 702 $aRandall$b Peter$4aut$4http://id.loc.gov/vocabulary/relators/aut 702 $aRansom$b Ryan C$4aut$4http://id.loc.gov/vocabulary/relators/aut 702 $aReisberg$b David J$4aut$4http://id.loc.gov/vocabulary/relators/aut 702 $aRepaske$b Lisa L$4aut$4http://id.loc.gov/vocabulary/relators/aut 702 $aRicciardi$b Dina$4aut$4http://id.loc.gov/vocabulary/relators/aut 702 $aRichman$b Lynn C$4aut$4http://id.loc.gov/vocabulary/relators/aut 702 $aRodriguez$b Jasmine Y$4aut$4http://id.loc.gov/vocabulary/relators/aut 702 $aRuiz$b Ramon L$4aut$4http://id.loc.gov/vocabulary/relators/aut 702 $aSabo$b Diane L$4aut$4http://id.loc.gov/vocabulary/relators/aut 702 $aSalkowitz$b Susan M$4aut$4http://id.loc.gov/vocabulary/relators/aut 702 $aSalyer$b Kenneth E$4aut$4http://id.loc.gov/vocabulary/relators/aut 702 $aSamson$b Thomas$4aut$4http://id.loc.gov/vocabulary/relators/aut 702 $aScherer$b Nancy J$4aut$4http://id.loc.gov/vocabulary/relators/aut 702 $aSell$b Debbie$4aut$4http://id.loc.gov/vocabulary/relators/aut 702 $aSemb$b Gunvor$4aut$4http://id.loc.gov/vocabulary/relators/aut 702 $aShaw$b William C$4aut$4http://id.loc.gov/vocabulary/relators/aut 702 $aSheikh$b Farah$4aut$4http://id.loc.gov/vocabulary/relators/aut 702 $aSherman$b Randy$4aut$4http://id.loc.gov/vocabulary/relators/aut 702 $aSie$b Kathleen C.Y$4aut$4http://id.loc.gov/vocabulary/relators/aut 702 $aSischo$b Lacey$4aut$4http://id.loc.gov/vocabulary/relators/aut 702 $aSmith$b Darren M$4aut$4http://id.loc.gov/vocabulary/relators/aut 702 $aSommerlad$b Brian C$4aut$4http://id.loc.gov/vocabulary/relators/aut 702 $aSplaingard$b Mark$4aut$4http://id.loc.gov/vocabulary/relators/aut 702 $aStrauss$b Ronald P$4aut$4http://id.loc.gov/vocabulary/relators/aut 702 $aTaub$b Peter J$4aut$4http://id.loc.gov/vocabulary/relators/aut 702 $aTragos$b Christina$4aut$4http://id.loc.gov/vocabulary/relators/aut 702 $aVig$b Katherine W.L$4aut$4http://id.loc.gov/vocabulary/relators/aut 702 $aWarner$b Dennis R$4aut$4http://id.loc.gov/vocabulary/relators/aut 702 $aWatkins$b Stephanie E$4aut$4http://id.loc.gov/vocabulary/relators/aut 702 $aWeinberg$b Seth M$4aut$4http://id.loc.gov/vocabulary/relators/aut 702 $aWong$b Karen W.Y$4aut$4http://id.loc.gov/vocabulary/relators/aut 702 $aZackai$b Elaine H$4aut$4http://id.loc.gov/vocabulary/relators/aut 801 0$bDE-2912 906 $aBOOK 912 $a9910792882803321 996 $aComprehensive Cleft Care, Volume 2$93790022 997 $aUNINA LEADER 08151oam 2201165 c 450 001 996348146403316 005 20240610195146.0 010 $a3-657-70308-X 024 7 $a10.30965/9783657703081 035 $a(CKB)4100000010136555 035 $z(OCoLC)1130391726 035 $a(nllekb)BRILL9783657703081 035 $a(Brill | Scho?ningh)9783657703081 035 $a(oapen)https://directory.doabooks.org/handle/20.500.12854/29960 035 $a(MiAaPQ)EBC31218241 035 $a(Au-PeEL)EBL31218241 035 $a(EXLCZ)994100000010136555 100 $a20220221d2020 uy 0 101 0 $ager 135 $aurun####uuuua 181 $ctxt$2rdacontent 182 $cc$2rdamedia 183 $2rdacarrier 200 10$aBildfabriken $eIndustrie und Fotografie im Zarenreich (1860-1917) /$fLenka Fehrenbach, Martina Heßler, Klaus Gestwa, Helmuth Trischler, Dirk van Laak, Martina Heßler, Klaus Gestwa, Helmuth Trischler, Dirk van Laak, Ruth Oldenziel, Matthias Heymann, Bernhard Rieger, Sabine Ho?hler, Thomas Zeller, David Gugerli, Martin Kohlrausch, Heike Weber 205 $a1st ed. 210 $aPaderborn$cBrill | Scho?ningh$d2020 215 $a1 online resource 225 0 $aGeschichte der technischen Kultur$v11 311 $a3-506-70308-0 327 $aIntro -- Inhaltsverzeichnis -- Danksagung -- Kapitel 1 Industrielle Bildwelten im späten Zarenreich - Einleitung -- 1.1 Die Fabrik als Leitmotiv der russischen Industrialisierung -- 1.2 Archivalische (Nicht-)Überlieferung russischer Industriefotografien -- 1.3 Untersuchungszeit und Untersuchungsraum -- 1.4 Forschungskontext: Geschichte der russischen Industrialisierung -- 1.5 Forschungskontext: Visuelle Geschichte des ausgehenden Zarenreichs -- 1.6 Industriefotografie in unterschiedlicher Rahmung: Themen und Kapitel -- Kapitel 2 Fotografien und Industrie - Historischer Überblick -- 2.1 Wachsende Bedeutung von Industrie und Fotografie im ausgehenden Zarenreich -- 2.2 Die Zukunft der russischen Wirtschaft -- 2.3 Die russische Wirtschaft im Spiegel der Literatur -- 2.4 Fazit -- Kapitel 3 Visuelle Vorgänger - Fabriken in der Malerei -- 3.1 Faszinierendes Schauspiel und Orte außerhalb der Nation -- 3.2 Abseits der großen Formate -- 3.3 Russische Fabriken als Teil der visuellen Kultur -- 3.4 Fazit -- Kapitel 4 Eine Beziehung entwickelt sich - Lichtbilder und neue Produktionsweisen -- 4.1 Fotografen und Unternehmen -- 4.2 Fotografien im internen Gebrauch der Fabriken -- 4.3 Fotografien in der externen Kommunikation der Fabriken -- 4.4 Fazit -- Kapitel 5 Neue Bilder eines neuen Raums - Fabrikalben -- 5.1 Aufbewahrungsmittel Fotoalbum -- 5.2 Ein Album für den Zaren -- 5.3 Die Fabrik zwischen zwei Buchdeckeln -- 5.3.1 Die Kamera nähert sich der Fabrik -- 5.3.2 Industrielle Paläste - Der Blick in die Werkstätten -- 5.3.3 Die menschliche Seite der Fabrik -- 5.3.4 Ein Herz für Arbeiter - Wohlfahrtseinrichtungen -- 5.4 Fazit -- Kapitel 6 Inszenierte Geschichte - Firmenjubiläen -- 6.1 Die Genese des Firmenjubiläums -- 6.2 Gottesdienst, Festmahl, Geschenke - die Festlichkeiten -- 6.3 Fotografisch fest(ge)halten -- 6.4 Die eigene Geschichte illustrieren. 327 $a6.5 Das Unternehmen spricht für sich -- 6.6 Personifizierte Unternehmensgeschichte -- 6.7 Wirtschaftlichen Erfolg präsentieren -- 6.8 Verschiedene Leser, verschiedene Geschichten -- 6.9 Fazit -- Kapitel 7 Fabriken zum Zeitvertreib? - Illustrierte Zeitschriften -- 7.1 Bilder informieren das Zarenreich -- 7.2 Keine Verkaufsschlager - Fabrik, ein seltenes Motiv -- 7.3 Die brennende Fabrik als Sensation -- 7.4 Die Schattenseiten der Industrialisierung -- 7.5 Multiplikatoren des Konsums -- 7.6 Fazit -- Kapitel 8 Fabriken auf Reisen - Bildpostkarten -- 8.1 Ein neues Medium erobert die Welt -- 8.2 Kommunikation auf bedruckter Pappe -- 8.3 Fabriken zum Versenden und Sammeln -- 8.4 Die industrialisierte Provinz -- 8.5 Eine neue Karte des industrialisierten Zarenreichs -- 8.6 Fazit -- Kapitel 9 Die Fabrik wird salonfähig - der Erste Weltkrieg -- 9.1 Zeitschriften in Kriegszeiten -- 9.2 Neue Zeiten, neue Bilder -- 9.3 Kaiserlicher Besuch in Fabriken -- 9.4 Zar und Fabrik - keine große Liebe -- 9.5 Zar und Arbeiter -- 9.6 In Erinnerung an den Monarchen -- 9.7 Fazit -- Kapitel 10 Ein neues Passepartout - Ausblick auf die 1920er und 1930er Jahre -- 10.1 Neue Motive und Perspektiven - Fotografien in Firmenalben -- 10.2 Vom Kollektiv zum Personenkult - Festschriften -- 10.3 Die sowjetische Industrie im Alltag - Illustrierte Zeitschriften -- 10.4 Die Werkstore öffnen sich - Postkarten -- 10.5 Fazit -- Kapitel 11 Die Fabrik im Fokus - Fazit -- Abbildungsverzeichnis -- Quellen- und Literaturverzeichnis -- Achiv- Bibliotheks- und Museumsarchivbestände -- Alben und publizierte Quellen -- Periodika/Zeitschriften -- Forschungsliteratur -- Personenregister. 330 $aKaum jemand kennt die Vorga?nger der sowjetischen Industriefotografie. Dieses Buch nimmt erstmals diese Aufnahmen in den Fokus und zeichnet nach, welche Rolle der Industrie und den Fabriken in den Bildwelten des Zarenreichs zugedacht war. Industriefotografien ero?ffneten Außenstehenden einen Blick hinter russische Fabriktore. Damit pra?gten sie in Alben, Fest und Zeitschriften sowie auf Postkarten das Bild von Fabriken in der russischen Gesellschaft. An den Schnittstellen von Fotografie, Industrie, Technik und visueller Geschichte analysiert die Autorin erstmals, wie sich die Industriefotografie im Zarenreich entwickelte und welche Botschaften u?ber Industrialisierung und Fabriken die an der Herstellung und Verbreitung der neuen Bilder beteiligten Akteure mit den Aufnahmen vermittelten. Vergleiche mit Studien aus Frankreich, Deutschland, Großbritannien und den USA stellen die russische Fabrikfotografie in einen gro?ßeren Kontext und verdeutlichen, dass weniger von einer nationalen als von einer europa?isch/nordamerikanischen Bildsprache gesprochen werden muss. 410 0$aGeschichte der technischen Kultur;$v11. 606 $aTechnikgeschichte 606 $aWirtschaftsgeschichte 606 $aIndustrialisierung 606 $aFotogeschichte 606 $aFotografie 606 $aVisual History 606 $aGeschichte der Fotografie 606 $aRussland 606 $aIllustrierte Zeitschriften 606 $aKulturgeschichte 606 $aFirmenjubila?en 606 $aPostkarten 606 $aWerbung 606 $a19. Jahrhundert 606 $aHistory of Photography 606 $aRussia 606 $aIllustrated Journals 606 $aAlbum 606 $aFestschrift 606 $aPostcard 606 $aAdvertisement 606 $a19th Century 607 $aRussia$2fast 610 $aIndustriefotografie 610 $aRussland 615 4$aTechnikgeschichte 615 4$aWirtschaftsgeschichte 615 4$aIndustrialisierung 615 4$aFotogeschichte 615 4$aFotografie 615 4$aVisual History 615 4$aGeschichte der Fotografie 615 4$aRussland 615 4$aIllustrierte Zeitschriften 615 4$aKulturgeschichte 615 4$aFirmenjubila?en 615 4$aPostkarten 615 4$aWerbung 615 4$a19. Jahrhundert 615 4$aHistory of Photography 615 4$aRussia 615 4$aIllustrated Journals 615 4$aAlbum 615 4$aFestschrift 615 4$aPostcard 615 4$aAdvertisement 615 4$a19th Century 676 $a905 700 $aFehrenbach$b Lenka$4aut$0864810 702 $aHeßler$b Martina$4edt 702 $aGestwa$b Klaus$4edt 702 $aTrischler$b Helmuth$4edt 702 $avan Laak$b Dirk$4edt 702 $aOldenziel$b Ruth$4edt 702 $aHeymann$b Matthias$4edt 702 $aRieger$b Bernhard$4edt 702 $aHo?hler$b Sabine$4edt 702 $aZeller$b Thomas$4edt 702 $aGugerli$b David$4edt 702 $aKohlrausch$b Martin$4edt 702 $aWeber$b Heike$4edt 801 0$bNL-LeKB 801 1$bNL-LeKB 906 $aBOOK 912 $a996348146403316 996 $aBildfabriken$91930342 997 $aUNISA